| 000 | 00654nam a22001817a 4500 | ||
|---|---|---|---|
| 999 |
_c57209 _d57209 |
||
| 003 | Ge_BSU | ||
| 005 | 20200117151750.0 | ||
| 008 | 200117s2008 ||||| |||| 00| 0 geo d | ||
| 041 | _ageo | ||
| 080 | _a81'374.822=353.1=222 ლ-32 | ||
| 100 |
_aლაჩინანი, ნუგზარ. _96211 |
||
| 245 |
_aქართულ-სპარსული ლექსიკონი / _cნუგზარ ლაჩინანი. |
||
| 264 |
_aთბილისი , _c2008. |
||
| 300 |
_a872 გვ.: _c25 სმ. |
||
| 505 | _aბიბლ. გვ. 870-871 | ||
| 653 | _aსპარსული ლექსიკონი | ||
| 942 |
_2udc _cBK |
||